| 000 | 01321nam a2200313 a 4500 | ||
|---|---|---|---|
| 001 | vtls001617120 | ||
| 003 | NLI | ||
| 005 | 20210628133940.0 | ||
| 008 | 121214s1980 ii 000 0 ben | ||
| 039 | 9 |
_y201212141917 _zVLOAD |
|
| 040 |
_aNLI _bbeneng _cDatasoft_Bengali_AC _eAACR2 |
||
| 041 | 0 | _aben | |
| 044 | _a ii | ||
| 082 | 0 | 4 | _a 320.954 |
| 100 | 0 |
_6880-01 _aসত্যানন্দ ব্রক্ষ্মচারী _9677201 |
|
| 245 | 1 | 0 |
_6880-02 _aশক্তিবাদ : _bরাজনীতি সম্বন্ধে শক্তিশালী মতবাদ / _cসত্যানন্দ ব্রক্ষ্মচারী |
| 260 |
_aহুগলী : _bটি. এন. রায়চৌধুরী, _c1980 |
||
| 300 |
_a92 p. ; _c18 cm. |
||
| 650 | 0 |
_aPolitical science _zIndia _xHistory _9688682 |
|
| 651 | 0 |
_aIndia _xPolitics and government |
|
| 880 | 0 |
_6100-01(B _aSatyānanda Brahmacārī |
|
| 880 | 1 | 0 |
_6245-02(B _aŚaktibād : _brājnīti sambandhe śaktiśālī matabād / _cSatyānanda Brahmacārī |
| 887 | _a Mousumi Sarkar 20.08.2010 (Sumit Kumar Das) | ||
| 901 |
_a3217 _b05.06.1980 |
||
| 902 | _aAC/B 320.954 S | ||
| 904 |
_cMousumi Sarkar 20.08.2010 (Sumit Kumar Das) _lB 1942 |
||
| 949 |
_AVIRTUAITEM _D10000 _X100 _6GAC000003217BEN |
||
| 942 |
_2ddc _cBKS |
||
| 999 |
_aVIRTUA40 _c1069400 _d1069400 |
||